Carmen de Burgos : (Record no. 194801)

MARC details
000 -LEADER
campo de control de longitud fija 02097nam a2200397 i 4500
001 - NÚMERO DE CONTROL
campo de control 194801
003 - IDENTIFICADOR DE NÚMERO DE CONTROL
campo de control SpMaBN
005 - FECHA Y HORA DE LA ÚLTIMA TRANSACCIÓN
campo de control 20250530063024.0
008 - DATOS DE LONGITUD FIJA--INFORMACIÓN GENERAL
campo de control de longitud fija 240513s1976 sp spa
016 7# - NÚMERO DE CONTROL DE UNA AGENCIA BIBLIOGRÁFICA NACIONAL
Número de control del registro bimoBNE20000435394
Número de control cancelado/no válido IND9900856906
Fuente SpMaBN
017 ## - NÚMERO DE COPYRIGHT O DE DEPÓSITO LEGAL
Número de copyright o de depósito legal AL 176-1976
Agencia que asigna Oficina Depósito Legal Almería
020 ## - NÚMERO INTERNACIONAL ESTÁNDAR DEL LIBRO
Número Internacional Estándar del Libro 8485219058
035 ## - NÚMERO DE CONTROL DEL SISTEMA
Número de control de sistema (OCoLC)432856299
040 ## - FUENTE DE CATALOGACIÓN
Centro catalogador/agencia de origen SpMaBN
Lengua de catalogación spa
Centro/agencia transcriptor CDM
Centro/agencia modificador ES-MaACL
080 ## - NÚMERO DE LA CLASIFICACIÓN DECIMAL UNIVERSAL
Número de la Clasificación Decimal Universal 929 Burgos, Carmen de
080 ## - NÚMERO DE LA CLASIFICACIÓN DECIMAL UNIVERSAL
Número de la Clasificación Decimal Universal 860 Burgos, Carmen de 1.06
100 ## - ENTRADA PRINCIPAL--NOMBRE DE PERSONA
Nombre de persona Starcevic, Elizabeth
9 (RLIN) 236442
Término indicativo de función/relación Autor
245 10 - MENCIÓN DEL TÍTULO
Título Carmen de Burgos :
Resto del título defensora de la mujer /
Mención de responsabilidad, etc. Elizabeth Startevic
260 ## - PUBLICACIÓN, DISTRIBUCIÓN, ETC.
Lugar de publicación, distribución, etc. Almería :
Nombre del editor, distribuidor, etc. Librería Editorial Cajal,
Fecha de publicación, distribución, etc. 1976
300 ## - DESCRIPCIÓN FÍSICA
Extensión 159 páginas ;
Dimensiones 20 cm
336 ## - TIPO DE CONTENIDO
Fuente rdacontent
Término de tipo de contenido texto
337 ## - TIPO DE MEDIO
Fuente rdamedia
Nombre/término del tipo de medio sin mediación
338 ## - TIPO DE SOPORTE
Fuente rdacarrier
Nombre/término del tipo de soporte volumen
490 0# - MENCIÓN DE SERIE
Mención de serie Biblioteca de temas almerienses. Serie menor ;
Designación de volumen o secuencia 9
504 ## - NOTA DE BIBLIOGRAFÍA, ETC.
Nota de bibliografía, etc. Bibliografía: p. 149-155
520 ## - RESUMEN, ETC.
Sumario, etc. Elizabeth Starcevic enseña español en City College de la City University de New York, en donde recibió su título. En la actualidad está preparando el doctorado en el Graduate Center de la misma universidad, precisamente sobre Carmen Burgos. El estudio de esta figura que le fue recomendada por su director de tesis, el profesor Rafael Olivar, llena una brecha dejada por la omisión de la contribución de la mujer en la historia. Los esfuerzos contínuos de Carmen de Burgos en pro de la mujer y el mejoramiento de su sociedad son de suma importancia.
600 14 - PUNTO DE ACCESO ADICIONAL DE MATERIA--NOMBRE DE PERSONA
Nombre de persona Burgos, Carmen de,
Fechas asociadas al nombre 1867-1932
Fuente del encabezamiento o término embne
9 (RLIN) 32646
830 #0 - PUNTO DE ACCESO ADICIONAL DE SERIE-TÍTULO UNIFORME
9 (RLIN) 229855
Título uniforme Biblioteca de temas almerienses. Serie menor ;
Designación de volumen o secuencia 9
852 ## - LOCALIZACIÓN
Ubicación ES-MaACL
Ubicación en estantería Depósito J
Número de control de estantería N-9969
Encuadernación Encuadernación rústica
Anotaciones manuscritas Dedicatoria autógrafa de la autora
Donativo/Legado Donación: Elizabeth Startevic
itemnumber 205874
903 ## - NOMBRE PERSONAL DE DONANTE
9 236442
a Starcevic, Elizabeth
e Donante
942 ## - ELEMENTOS DE ENTRADA SECUNDARIOS (KOHA)
Tipo de ítem Koha Libro impreso
Suprimir en OPAC No
Holdings
Estatus retirado Estado de pérdida Fuente del sistema de clasificación o colocación Estado de daño No para préstamo Colección Biblioteca de origen Biblioteca actual Ubicación en estantería Fecha de adquisición Fuente de adquisición Total de préstamos Signatura topográfica completa Código de barras Visto por última vez Precio de reemplazo Tipo de ítem Koha
    Clasificación decimal universal     Libros con dedicatorias Biblioteca del Ateneo de Madrid Biblioteca del Ateneo de Madrid Depósito J 28/05/2025 Donación   N-9969 101230211 28/05/2025 28/05/2025 Libro impreso